Catálogo

Diccionario Espasa : (Registro nro. 44685)

Detalles MARC
000 -LEADER
fixed length control field 01198cam a2200301 i 4500
001 - CONTROL NUMBER
control field 44685
003 - CONTROL NUMBER IDENTIFIER
control field Mx-PuUPA
005 - DATE AND TIME OF LATEST TRANSACTION
control field 20211104105529.0
008 - FIXED-LENGTH DATA ELEMENTS--GENERAL INFORMATION
fixed length control field 140415s2000 sp af grd 001 0 spa d
020 ## - INTERNATIONAL STANDARD BOOK NUMBER
International Standard Book Number 8423994600
040 ## - CATALOGING SOURCE
Original cataloging agency MX-PuUPA
Language of cataloging spa
Description conventions rda
Transcribing agency Mx-PuUPA
Modifying agency Mx-PuUPA
041 0# - LANGUAGE CODE
Language code of text/sound track or separate title spa
245 00 - TITLE STATEMENT
Title Diccionario Espasa :
Remainder of title mitología universal /
Statement of responsibility, etc. dirigido por Jaime Alvar Ezquerra ; coordinador del área de América, José Alcina Franch ; coordinador del área del mundo clásico, Jaime Alvar Ezquerra ; coordinadora del área de Asia, Carmen García-Ormaechea.
264 #1 - PRODUCTION, PUBLICATION, DISTRIBUTION, MANUFACTURE, AND COPYRIGHT NOTICE
Place of production, publication, distribution, manufacture Madrid :
Name of producer, publisher, distributor, manufacturer Espasa Calpe,
Date of production, publication, distribution, manufacture, or copyright notice 2000
300 ## - PHYSICAL DESCRIPTION
Extent xvi, 1031 páginas, 88 páginas de láminas sin numerar :
Other physical details ilustraciones ;
Dimensions 25 cm.
336 ## - CONTENT TYPE
Content type term texto
Fuente rdacontent
Content type code txt
337 ## - MEDIA TYPE
Media type term sin medio
Source rdamedia
Media type code n
338 ## - CARRIER TYPE
Carrier type term volumen
Source rdacarrier
Carrier type code nc
650 #4 - SUBJECT ADDED ENTRY--TOPICAL TERM
Topical term or geographic name entry element Mitología
650 #4 - SUBJECT ADDED ENTRY--TOPICAL TERM
Topical term or geographic name entry element Mitología
Form subdivision Diccionarios
700 1# - ADDED ENTRY--PERSONAL NAME
Personal name Ezquerra, Jaime Alvar,
Relator term director
700 1# - ADDED ENTRY--PERSONAL NAME
Personal name Alcina Franch, José,
Relator term editor
700 1# - ADDED ENTRY--PERSONAL NAME
Personal name Alvar Ezquerra, Jaime,
Relator term editor
710 1# - ADDED ENTRY--CORPORATE NAME
Corporate name or jurisdiction name as entry element García-Ormaechea, Carmen,
Relator term editor
942 ## - ADDED ENTRY ELEMENTS (KOHA)
Source of classification or shelving scheme Dewey Decimal Classification
Koha item type Libro
Classification part 201.03
Item part D545
Existencias
Withdrawn status Lost status Source of classification or shelving scheme Damaged status Not for loan Collection code Home library Current library Shelving location Date acquired Source of acquisition Full call number Barcode Date last seen Price effective from Koha item type
    Dewey Decimal Classification     Referencia Biblioteca Karol Wojtyla Biblioteca Karol Wojtyla Área de silencio 03/12/2013 Compra 201.03 D545 2000 67188 05/01/2026 29/01/2018 Libro R